00453nam a22001577a 450000500170000000800410001702000170005804100120007508200150008710000120010224500530011425000190016726000560018630000280024265000250027020240910082929.0240910b |||||||| |||| 00| 0 eng d a040906016 X  aEnglish a346.3 VAN  lEnglish aDelict Principles and Cases / cJC van der Walt  aFirst Edition  aDurban: bButterworth and Company (Pty) Ltd, c1979 bx, 305 pages; c25 cm.  aLegal practice bLaw